Sumario de la natural y general historia de las Indias / (Record no. 63008)

MARC details
000 -LEADER
campo de control de longitud fija 00800nam a2200229 i 4500
001 - NÚMERO DE CONTROL
campo de control 63008
003 - IDENTIFICADOR DE NÚMERO DE CONTROL
campo de control ES-MaACL
005 - FECHA Y HORA DE LA ÚLTIMA TRANSACCIÓN
campo de control 20251003063103.0
007 - CAMPO FIJO DE DESCRIPCIÓN FÍSICA--INFORMACIÓN GENERAL
campo de control de longitud fija t|
008 - DATOS DE LONGITUD FIJA--INFORMACIÓN GENERAL
campo de control de longitud fija 031127s1978 sp ||||1| spa d
100 1# - ENTRADA PRINCIPAL--NOMBRE DE PERSONA
Nombre de persona Fernández de Oviedo, Gonzalo,
Fechas asociadas al nombre 1478-1557
9 (RLIN) 49702
245 10 - MENCIÓN DEL TÍTULO
Título Sumario de la natural y general historia de las Indias /
Mención de responsabilidad, etc. Gonzalo Fernández de Oviedo.
260 ## - PUBLICACIÓN, DISTRIBUCIÓN, ETC.
Lugar de publicación, distribución, etc. Madrid :
Nombre del editor, distribuidor, etc. Espasa-Calpe,
Fecha de publicación, distribución, etc. 1978.
300 ## - DESCRIPCIÓN FÍSICA
Extensión 16 p., LII fols. ;
Dimensiones 25 cm.
500 ## - NOTA GENERAL
Nota general Reprod. facs. de la ed. de Toledo 1526.
650 ## - PUNTO DE ACCESO ADICIONAL DE MATERIA--TÉRMINO DE MATERIA
Término de materia o nombre geográfico como elemento de entrada Naturaleza-
Subdivisión geográfica América-
Subdivisión de forma Obras anteriores a 1800.
9 (RLIN) 174391
650 #4 - PUNTO DE ACCESO ADICIONAL DE MATERIA--TÉRMINO DE MATERIA
Término de materia o nombre geográfico como elemento de entrada Indios de América-
Subdivisión de forma Obras anteriores a 1800.
9 (RLIN) 157570
655 #7 - TERMINO DE INDIZACIÓN--GENERO/FORMA
Fuente del término tgfbne
9 (RLIN) 226495
Datos o término principal de género/forma Facsímiles
852 ## - LOCALIZACIÓN
Ubicación ES-MaACL
Número de control de estantería A-9688
Sublocalización o colección R.98809
942 ## - ELEMENTOS DE ENTRADA SECUNDARIOS (KOHA)
Fuente del sistema de clasificación o colocación Clasificación decimal universal
Holdings
Estatus retirado Estado de pérdida Estado de daño No para préstamo Biblioteca de origen Biblioteca actual Ubicación en estantería Fecha de adquisición Fuente de adquisición Total de préstamos Signatura topográfica completa Código de barras Visto por última vez Precio de reemplazo Tipo de ítem Koha
        Biblioteca del Ateneo de Madrid Biblioteca del Ateneo de Madrid Depósito 1 17/01/2008     A-9688 1066054 23/02/2023 23/02/2023 Libro impreso